История и цивилизация VІ клас (Запис номер 18698)
[ съкратено ]
| 000 -Лидер | |
|---|---|
| Контролно поле с фиксирана дължина | 01913nam a2200409 c 4500 |
| 003 - Код на организацията, давaща контролен номер | |
| Контролно поле | BLK |
| 005 - Дата и час на последна редакция | |
| Контролно поле | 20230619120222.0 |
| 008 - Елементи от данни с фиксирана дължина | |
| fixed length control field | 180413b bul|||||r ||||||| ||bul|| |
| 010 ## - Наследен системен номер | |
| LC control number | KNG00020770000 |
| 020 ## - Международен стандартен номер на книга ISBN | |
| Международен стандартен номер на книга ISBN | 978-954-426-871-8 |
| -- | издат.: Анубис |
| 040 ## - Източник на каталожния запис | |
| Идентификатор на билиотеката - собственик на записа | BLK |
| 041 ## - Код за език | |
| Код за езика на текст/звукозапис или на отделно заглавие | Български |
| Код за езика КДБФ | Български |
| 072 #7 - Код за тематичната категория | |
| Код организация | bullib |
| Код за тематична категория | Н372 |
| Текст | Учебни предмети. Учебници Н |
| 080 ## - УДК | |
| Текстов определител УДК | История на България в основното училище |
| УДК код - определител по УДК | 372.894.972 |
| УДК определител | (079)(075.2) |
| УДК - код + определител | 372.894.972(079)(075.2) |
| 100 1# - Редна дума - Автор | |
| Автор | Каснакова-Иванова, Цонка Илиева |
| Авторска отговорност | първи автор |
| R(LIN) | 364483 |
| 139 ## - Редно поле | |
| Редна дума | Каснакова-Иванова, Цонка Илиева и др. |
| Авторски знак | Кас - К 45 |
| 245 10 - Сведения за заглавието | |
| Заглавие | История и цивилизация VІ клас |
| Подзаглавни данни | Задачи и тестове : Външно оценяване |
| Редно поле (дума) | Цонка Илиева Каснакова-Иванова; съавт. Асен Василев Василев; Цонка Каснакова. |
| 257 ## - Страна на издаване | |
| Страна на създаване/издаване | България |
| 260 ## - Област на издателските данни | |
| -- | София |
| Име на издателя, разпространителя и проч. | Анубис |
| Година на издаване | 2010 |
| Печатница | София : Вулкан |
| 300 ## - Физическа характеристика | |
| Страници | 88 с. |
| Илюстрации и др. | с ил., табл. |
| Размери/Мащаб | 24 см |
| 380 ## - Жанр | |
| Жанр | Обществени науки |
| 650 #4 - Допълнително описание по предмет – тема | |
| Основно описание – тема или топоним | История - България - учебници за основни училища |
| 9 (RLIN) | 263075 |
| 653 ## - Ключова дума – ненормативна | |
| Ключова дума | българска история |
| 653 ## - Ключова дума – ненормативна | |
| Ключова дума | VІ кл. |
| 653 ## - Ключова дума – ненормативна | |
| Ключова дума | учебници за основни училища |
| 653 ## - Ключова дума – ненормативна | |
| Ключова дума | учебни помагала |
| 653 ## - Ключова дума – ненормативна | |
| Ключова дума | тестове |
| 659 ## - Тематичен бюлетин | |
| Тематичен бюлетин | Н |
| 700 1# - Други автори (авторска отговорност) | |
| Лично име | Василев, Асен Василев |
| Автороска отговорност (Описва отношението между автора и произведението) | съавт. |
| 9 (RLIN) | 263026 |
| 700 1# - Други автори (авторска отговорност) | |
| Лично име | Каснакова, Цонка |
| Друга информация | Каснакова-Иванова, Цонка Илиева |
| 9 (RLIN) | 77457 |
| 852 ## - Местоположение | |
| Форматна сигнатура | Цб 251332 |
| 856 4# - Електронен адрес и достъп | |
| Електронен формат | pdf - файл |
| Път до файла /url/ | |
| 856 4# - Електронен адрес и достъп | |
| Електронен формат | pdf - файл |
| Път до файла /url/ | |
| 942 ## - АРТИКУЛИ | |
| Вид на библиотечния материал | Книги |
| Скрит в OPAC | Не |
| Koha issues (borrowed), all copies | 1 |
| 944 ## - СЪЗДАВАНЕ И РЕДАКЦИЯ на ЗАПИСА | |
| Създаване/Редакция | Създаване |
| Дата на регистрацията/редакция | 24.03.2011 |
| Статус, дата на статуса | ф / |
| Служител, извършил регистрацията/редакцията | Милена_Ачева |
| 944 ## - СЪЗДАВАНЕ И РЕДАКЦИЯ на ЗАПИСА | |
| Създаване/Редакция | Редакция |
| Дата на регистрацията/редакция | 16.08.2011 |
| Статус, дата на статуса | ф / |
| Служител, извършил регистрацията/редакцията | |
| 999 ## - СИСТЕМНИ КОНТРОЛНИ НОМЕРА | |
| Koha biblionumber | 18698 |
| Koha biblioitemnumber | 18698 |
| Код за отписване | Код за изгубен артикул | Код за повреда | Коз за рестрикции | Код за отдаване | Артикулен № | Име на библиотеката - собственик | Име на библиотеката, в която се намира в момента | Статус (Текущо местоположение) | Дата на вписване в системата | Местоположение - отдел | Цена в лева | Инвентарен номер | Систематично азбучна сигнатура | Баркод | Номер на екземпляра | Цена в евро | Служебна бележка | Служебен тип на артикула | Източник на класификационната схема |
|---|---|---|---|---|---|---|---|---|---|---|---|---|---|---|---|---|---|---|---|
| Не е изгубен | Не е повреден | без рестрикции | ползва се в читалня | 31270 | Регионална библиотека "Любен Каравелов" Русе | Регионална библиотека "Любен Каравелов" Русе | Хранилище | 2011-03-23 | Хранилище | 4.20 | 120000749988 | Цб 251332 | 120000749988 | 1 | 2.15 | Дост: Dp Вид: Д N: 28 Дата: 14.07.2010 | Книги | ||
| Не е изгубен | Не е повреден | без рестрикции | заемане за дома | 31271 | Регионална библиотека "Любен Каравелов" Русе | Регионална библиотека "Любен Каравелов" Русе | Детски отдел | 2011-03-29 | Детски отдел | 4.20 | 120000750186 | ДН 373.3.016:9/К 45 Ц | 120000750186 | 2 | 2.15 | Дост: DA Вид: А N: 4 Дата: 29.03.2011 Дата инв: 24.08.2015 Бележки инв: Д2015 | Книги | Universal Decimal Classification |